| 000 | 02437cam a22005654i 4500 | ||
|---|---|---|---|
| 003 | PE-LiUPU | ||
| 005 | 20250731180128.0 | ||
| 008 | 150625s r 000 0 d | ||
| 035 | _a(Sirsi) a34358 | ||
| 040 |
_aPE-LiUPU _bspa _cPE-LiUPU _erda |
||
| 049 | _aPRUA | ||
| 082 | 0 | 4 |
_a517.307 _bV45 _221 |
| 082 | 0 | 4 |
_a517.307 _bV45 III 2006 |
| 100 | 1 |
_aVenero B., Armando, _eautor. |
|
| 245 | 1 | 0 |
_aMatematicas III: _bTrasformaciones, Integrales múltiples, Integrales de superficie / _cArmando Venero B. |
| 264 | 1 |
_aLima : _bGemar, _c1995. |
|
| 300 |
_a537 páginas : _bilustraciones ; _c20 centímetros. |
||
| 336 |
_atext _2rdacontent |
||
| 337 |
_aunmediated _2rdamedia |
||
| 338 |
_avolume _2rdacarrier |
||
| 505 | 0 | _aTransformaciones -- Integrales dobles -- Integrales triples -- Topología de R -- Integrales de línea -- El teorema de green -- Integrales de superficie. | |
| 526 | _aSEG44 | ||
| 526 | _aSEG26 | ||
| 526 | _aP159 | ||
| 526 | _aP155 | ||
| 526 | _aP154 | ||
| 526 | _aP153 | ||
| 526 | _aP150 | ||
| 526 | _aP100 | ||
| 526 | _aP31 | ||
| 526 | _aP30 | ||
| 526 | _aP26 | ||
| 526 | _aP25 | ||
| 526 | _aP24 | ||
| 526 | _aP22 | ||
| 526 | _aP15 | ||
| 526 | _aP10 | ||
| 910 |
_cwelc _d20161020 |
||
| 942 |
_2ddc _cBOOK |
||
| 949 |
_a517.307 V45 _wDEWEY _c1 _i38279 _lCCODEBUL1 _mBUL _p00.00 _r0 _sY _tBOOK _u2015-06-25 _xBIBLIOTECA _zUNKNOWN _0COMPRA _o.STAFF. Colección General |
||
| 949 |
_a517.307 V45 _wDEWEY _c2 _i38280 _lCCODEBUL1 _mBUL _p00.00 _r0 _sY _tBOOK _u2015-06-25 _xBIBLIOTECA _zUNKNOWN _0COMPRA _o.STAFF. Colección General |
||
| 949 |
_a517.307 V45 III 2006 _wDEWEY _c1 _iFJ03118 _lCCODEBUJ1 _mBUJ _p12.00 _r0 _sY _tBOOK _u2016-10-20 _xINGENIERIA _PP25 _0COMPRA _o.STAFF. Colección General Juliaca |
||
| 596 | _a1 3 | ||
| 999 |
_a517.307 V45 _wDEWEY _c42205 _i38279 _d42205 _e2017-4-4 _f2021-11-9 _g7 _lCCODEBUL1 _mBUL _n3 _r0 _sY _tBOOK _u2015-6-25 _xINGENIERIA _zUNKNOWN _0COMPRA _o.STAFF. Colección General |
||
| 999 |
_a517.307 V45 _wDEWEY _c2 _i38280 _d2018-9-13 _e2017-5-5 _f2019-12-11 _g6 _lDISCARD _mBUL _n2 _q3 _r1 _sY _tBOOK _u2015-6-25 _xINGENIERIA _zUNKNOWN _0COMPRA _o.STAFF. Colección General |
||
| 999 |
_a517.307 V45 2006 _wDEWEY _c1 _iFJ03118 _d2019-10-21 _e2019-10-18 _f2022-1-19 _g4 _lCCODEBUJ1 _mBUJ _n2 _p12.00 _q1 _r0 _sY _tBOOK _u2016-10-20 _xINGENIERIA _PP25 _0COMPRA _o.STAFF. Colección General Juliaca |
||
| 980 |
_81 _gALBERTO SANCHEZ Responsable de Automatización |
||